Henri Antoine Becquerel

Uloženo v:
Podrobná bibliografie
Hlavní autor: León López, Enrique G.
Korporativní autor: Colegio Nacional de Educación Profesional Técnica (México)
Médium: Kniha
Jazyk:Spanish
Vydáno: México : Conalep : Limusa :Noriega 1988
Edice:Metrología técnica
Los Científicos y el sistema internacional de unidades
Témata:
Tagy: Přidat tag
Žádné tagy, Buďte první, kdo vytvoří štítek k tomuto záznamu!

MARC

LEADER 00000nam a2200000Ia 4500
003 MV0019
005 20221231143948.0
008 140114s1988 mx a 000 ||spa d
040 |c cru CEDI 
090 |a MV 19 
100 |a León López, Enrique G.  |9 21011 
245 |a Henri Antoine Becquerel 
260 |a México : Conalep : Limusa :Noriega  |c 1988  
300 |a  55 páginas 
440 |a Metrología técnica  |9 21005 
440 |a  Los Científicos y el sistema internacional de unidades  |9 21006 
650 |x Becquerel, Antoine Henry, 1852-1908  |9 21012 
710 |9 21009  |a Colegio Nacional de Educación Profesional Técnica (México) 
942 |c MX 
999 |c 14859  |d 14859